[Event "WUCC op 11th"]
[Site "Zuerich"]
[Date "2010.09.06"]
[Round "2"]
[White "Ponkratov, Pavel"]
[Black "Mohajerin Esfahani, Peyman"]
[Result "0-1"]
[WhiteElo "2592"]
[BlackElo "2366"]
[PlyCount "86"]
[EventDate "2010.09.05"]
[EventType "swiss"]
[EventRounds "9"]
[EventCountry "SUI"]
[SourceTitle "CBM 138 Extra"]
[Source "ChessBase"]
[SourceDate "2010.10.29"]
[SourceVersion "1"]
[SourceVersionDate "2010.10.29"]
[SourceQuality "1"]

1. e4 c5 2. Nf3 d6 3. d4 cxd4 4. Nxd4 Nf6 5. Nc3 a6 6. h3 e6 7. g4 b5 8. Bg2 Bb7 9. a3 Qc7 10. 0-0 Nc6 11. Nde2 Be7 12. Be3 Ne5 13. b3 h6 14. f4 Ned7 15. Qe1 Rc8 16. g5 hxg5 17. fxg5 Nh5 18. Rc1 Ne5 19. a4 b4 20. Nd1 a5 21. Qd2 Qb8 22. c4 Qa8 23. Nf2 0-0 24. Bd4 Ng6 25. Bf3 e5 26. Be3 Nhf4 27. Nxf4 exf4 28. Bxf4 f5 29. Bh5 Nxf4 30. Qxf4 Rc5 31. Nd3 Qa7 32. Nxc5 Qxc5+ 33. Kh2 Bxe4 34. Rce1 d5 35. Rxe4 dxe4 36. Kg2 Bd6 37. Qh4 Qe5 38. Rf2 Qh2+ 39. Kf1 Qh1+ 40. Ke2 f4 41. g6 f3+ 42. Bxf3 exf3+ 43. Kd3 Qb1+ 0-1

[Event "IRI-ch"]
[Site "Tehran"]
[Date "2005.09.12"]
[Round "2"]
[White "Mohajerin Esfahani, Peyman"]
[Black "Mahjoob, Morteza"]
[Result "0-1"]
[WhiteElo "2334"]
[BlackElo "2442"]
[PlyCount "117"]
[EventDate "2005.09.11"]
[EventType "tourn"]
[EventRounds "11"]
[EventCountry "IRI"]
[EventCategory "2"]
[SourceTitle "EXT 2006"]
[Source "ChessBase"]
[SourceDate "2005.11.24"]
[SourceVersion "1"]
[SourceVersionDate "2005.11.24"]
[SourceQuality "1"]

1. e4 c5 2. Nf3 d6 3. Nc3 Nf6 4. d4 cxd4 5. Nxd4 a6 6. Be2 e6 7. 0-0 Be7 8. Kh1 Qc7 9. a4 Nc6 10. Be3 0-0 11. f4 Re8 12. Bf3 Bd7 13. Nb3 Bf8 14. a5 Ne7 15. g4 Bc6 16. g5 Nd7 17. Nd4 d5 18. Nxc6 bxc6 19. Bg2 dxe4 20. Nxe4 Nf5 21. Bg1 Rab8 22. b3 Red8 23. Qe2 Rb5 24. Ng3 Nh4 25. Be4 Ng6 26. f5 exf5 27. Nxf5 Re8 28. Qg2 Nb8 29. Bb6 Qc8 30. Rad1 Rbe5 31. Bd3 c5 32. Rf2 Re1+ 33. Rxe1 Rxe1+ 34. Rf1 Nf4 35. Qf3 Nxd3 36. Qxd3 Rxf1+ 37. Qxf1 Nd7 38. Qf3 Qb8 39. Qe4 Nxb6 40. axb6 Qxb6 41. h4 Qe6 42. Qd3 h6 43. Qf3 hxg5 44. hxg5 g6 45. Ne3 Be7 46. Qf4 Qh3+ 47. Kg1 Qh5 48. Qe4 Qxg5+ 49. Kf1 Qf6+ 50. Ke2 Qe6 51. Qa8+ Kg7 52. Kd3 Bf6 53. Nd5 Qf5+ 54. Kd2 Qf2+ 55. Kd3 Qf1+ 56. Kd2 Bg5+ 57. Kc3 Qa1+ 58. Kd3 Qd1+ 59. Ke4 0-1

[Event "Lahijan op 4th"]
[Site "Lahijan"]
[Date "2005.09.01"]
[Round "10"]
[White "Mohajerin Esfahani, Peyman"]
[Black "Moosavian, S Hamed"]
[Result "0-1"]
[WhiteElo "2334"]
[BlackElo "2239"]
[PlyCount "69"]
[EventDate "2005.08.24"]
[EventType "swiss"]
[EventRounds "10"]
[EventCountry "IRI"]
[SourceTitle "CBM 108 Extra"]
[Source "ChessBase"]
[SourceDate "2005.11.04"]
[SourceVersion "1"]
[SourceVersionDate "2005.11.04"]
[SourceQuality "1"]

1. e4 c5 2. Nf3 e6 3. c3 d5 4. exd5 exd5 5. d4 Nc6 6. Bb5 Bd6 7. dxc5 Bxc5 8. 0-0 Nge7 9. Nbd2 0-0 10. Nb3 Bd6 11. Bg5 Bg4 12. Bh4 Qb6 13. Be2 Nf5 14. Bg5 h6 15. Bc1 Rfe8 16. Nfd4 Rxe2 17. Nxf5 Rxf2 18. Be3 Bxd1 19. Bxb6 Rxf1+ 20. Kxf1 Bc2 21. Nxd6 axb6 22. Nc1 Na7 23. a4 Rd8 24. Nb5 Nxb5 25. axb5 d4 26. Ke2 dxc3 27. bxc3 Rd1 28. g3 f5 29. Ra3 Rxc1 30. Kd2 Rh1 31. Kxc2 Rxh2+ 32. Kb3 Re2 33. Ra8+ Kf7 34. Rc8 Re7 35. c4 0-1

[Event "Lahijan op 4th"]
[Site "Lahijan"]
[Date "2005.08.29"]
[Round "4"]
[White "Mamedov, Nidjat"]
[Black "Mohajerin Esfahani, Peyman"]
[Result "1-0"]
[WhiteElo "2463"]
[BlackElo "2334"]
[PlyCount "133"]
[EventDate "2005.08.24"]
[EventType "swiss"]
[EventRounds "10"]
[EventCountry "IRI"]
[SourceTitle "CBM 108 Extra"]
[Source "ChessBase"]
[SourceDate "2005.11.04"]
[SourceVersion "1"]
[SourceVersionDate "2005.11.04"]
[SourceQuality "1"]

1. e4 e6 2. d4 d5 3. Nd2 c5 4. Ngf3 Nf6 5. exd5 exd5 6. Bb5+ Bd7 7. Bxd7+ Nbxd7 8. dxc5 Nxc5 9. 0-0 Be7 10. Nb3 Nce4 11. Nbd4 0-0 12. Nf5 Bc5 13. Be3 Re8 14. Bxc5 Nxc5 15. c3 a5 16. Qc2 a4 17. a3 Qb6 18. Rad1 Nce4 19. N3d4 Re5 20. Nh4 Rae8 21. Nhf3 R5e7 22. Nf5 Rd7 23. Rd4 Qe6 24. Ng3 Nc5 25. Qf5 Qb6 26. Rb4 Qa6 27. Rd1 g6 28. Qc2 Rde7 29. h3 Qc6 30. Qc1 Nfe4 31. Nf1 Ne6 32. Nd4 Qa6 33. Nb5 Qc6 34. Qe3 N4c5 35. Nd4 Qd6 36. Nxe6 fxe6 37. c4 Rd8 38. cxd5 exd5 39. Rxd5 Rxe3 40. Rxd6 Rxd6 41. Nxe3 Rd2 42. Rb5 Nb3 43. Rxb7 Rxb2 44. Rb4 Kf7 45. Rxa4 Nc5 46. Ra7+ Kg8 47. Ng4 h5 48. Nf6+ Kf8 49. Nd7+ Nxd7 50. Rxd7 Ra2 51. Ra7 h4 52. Ra4 Kg7 53. Rxh4 Rxa3 54. Rb4 Rc3 55. g3 Ra3 56. Kg2 Rc3 57. h4 Ra3 58. Rb5 Kh6 59. f4 Rc3 60. Kh3 Ra3 61. Kg4 Rc3 62. h5 gxh5+ 63. Rxh5+ Kg6 64. Rb5 Rc6 65. Rb3 Ra6 66. Kf3 Kf6 67. g4 1-0

[Event "IRI-ch sf"]
[Site "Tehran"]
[Date "2005.08.09"]
[Round "7"]
[White "Asgari, Morteza"]
[Black "Mohajerin Esfahani, Peyman"]
[Result "0-1"]
[WhiteElo "2182"]
[BlackElo "2334"]
[PlyCount "100"]
[EventDate "2005.08.03"]
[EventType "swiss"]
[EventRounds "9"]
[EventCountry "IRI"]
[SourceTitle "EXT 2006"]
[Source "ChessBase"]
[SourceDate "2005.11.24"]
[SourceVersion "1"]
[SourceVersionDate "2005.11.24"]
[SourceQuality "1"]

1. e4 c5 2. Nf3 d6 3. d4 cxd4 4. Nxd4 Nf6 5. Nc3 g6 6. Be3 Bg7 7. f3 Nc6 8. Qd2 0-0 9. Bc4 Nd7 10. 0-0-0 Nb6 11. Bb3 Na5 12. Qe2 Bd7 13. h4 Rc8 14. h5 Nbc4 15. hxg6 fxg6 16. Kb1 Nxb3 17. axb3 Nxe3 18. Qxe3 Rf7 19. Nde2 b5 20. Rh4 b4 21. Na2 Qc7 22. Qd2 a5 23. Rdh1 Bf6 24. R4h2 d5 25. Nf4 dxe4 26. Nd5 Qe5 27. Nxf6+ exf6 28. Rxh7 Rxh7 29. Rxh7 Rxc2 30. Kxc2 Qc7+ 31. Kb1 Kxh7 32. fxe4 Bc6 33. Qe3 Qe7 34. Qh3+ Kg7 35. Nc1 Qxe4+ 36. Ka2 Qxg2 37. Qe3 Bd5 38. Nd3 Qc2 39. Nc5 Qf5 40. Qe7+ Bf7 41. Qc7 g5 42. Qxa5 g4 43. Qxb4 g3 44. Qc3 g2 45. Qe3 Qg4 46. Qg1 Qf3 47. Qd4 Qg3 48. Qg1 Qf3 49. Qd4 Qa8+ 50. Na4 Qd5 0-1

[Event "IRI-ch sf"]
[Site "Tehran"]
[Date "2005.08.07"]
[Round "5"]
[White "Golizadeh, Asghar"]
[Black "Mohajerin Esfahani, Peyman"]
[Result "0-1"]
[WhiteElo "2145"]
[BlackElo "2334"]
[PlyCount "106"]
[EventDate "2005.08.03"]
[EventType "swiss"]
[EventRounds "9"]
[EventCountry "IRI"]
[SourceTitle "EXT 2006"]
[Source "ChessBase"]
[SourceDate "2005.11.24"]
[SourceVersion "1"]
[SourceVersionDate "2005.11.24"]
[SourceQuality "1"]

1. e4 e6 2. d4 d5 3. Nd2 c5 4. exd5 exd5 5. Ngf3 Nc6 6. Bb5 Bd6 7. 0-0 Nge7 8. dxc5 Bxc5 9. Nb3 Bd6 10. Bg5 f6 11. Bh4 0-0 12. c3 Qb6 13. Bd3 Bg4 14. Re1 a5 15. Rb1 a4 16. Nbd2 Ne5 17. Bc2 Nf5 18. h3 Nxh4 19. hxg4 Nxg4 20. Nd4 Bh2+ 21. Kf1 Qa6+ 22. c4 f5 23. Qe2 Qa7 24. N2f3 Nxf3 25. Nxf3 Rae8 26. Qd2 Rd8 27. cxd5 Bf4 28. Qd4 Nh2+ 29. Ke2 Rfe8+ 30. Kd3 Qa6+ 31. Qc4 Rxd5+ 32. Kc3 Qxc4+ 33. Kxc4 Red8 34. Re8+ Rxe8 35. Kxd5 Nxf3 36. gxf3 b5 37. Rd1 Kf7 38. Bd3 Kf6 39. Kc5 Re5+ 40. Kb4 Rd5 41. Be2 Bd6+ 42. Ka5 Rxd1 43. Bxd1 b4 44. Kxa4 Ke5 45. Kb5 Kf4 46. Kc6 Be5 47. Kd5 Bxb2 48. Ke6 h5 49. Be2 h4 50. Kf7 g5 51. Kg6 h3 52. Bf1 h2 53. Bg2 Bd4 0-1

[Event "IRI-ch sf"]
[Site "Tehran"]
[Date "2005.08.06"]
[Round "4"]
[White "Mohajerin Esfahani, Peyman"]
[Black "Noroozi, Omid"]
[Result "1-0"]
[WhiteElo "2334"]
[BlackElo "2157"]
[PlyCount "122"]
[EventDate "2005.08.03"]
[EventType "swiss"]
[EventRounds "9"]
[EventCountry "IRI"]
[SourceTitle "EXT 2006"]
[Source "ChessBase"]
[SourceDate "2005.11.24"]
[SourceVersion "1"]
[SourceVersionDate "2005.11.24"]
[SourceQuality "1"]

1. c4 c5 2. Nf3 g6 3. e3 Nf6 4. d4 cxd4 5. exd4 d5 6. Nc3 Bg7 7. cxd5 Nxd5 8. Qb3 Nb6 9. Bb5+ Bd7 10. Ne5 0-0 11. Nxd7 N8xd7 12. 0-0 Nf6 13. Be2 Nfd5 14. Be3 e5 15. Rad1 Nxe3 16. fxe3 exd4 17. exd4 Qe7 18. Bf3 Bxd4+ 19. Kh1 Bxc3 20. Qxc3 Rac8 21. Qa5 Ra8 22. Rfe1 Qc7 23. Rc1 Qd7 24. Rcd1 Qa4 25. Qxa4 Nxa4 26. b3 Nc3 27. Rd7 Nxa2 28. Ra1 Nc3 29. Rxb7 a5 30. Rc7 Nb5 31. Rd7 Rac8 32. Be2 Nc3 33. Bc4 a4 34. Rd3 Ne4 35. Rd4 Nc5 36. bxa4 Rc7 37. a5 Ra8 38. Bd5 Ra6 39. Rc4 Rd6 40. Bf3 Nb3 41. Rxc7 Nxa1 42. Rc3 Ra6 43. Ra3 Nc2 44. Ra4 Kf8 45. Bb7 Ra7 46. a6 Ne3 47. Rd4 Nf5 48. Rd8+ Ke7 49. Ra8 Rxa8 50. Bxa8 Nd6 51. Bd5 Nb5 52. Kg1 f6 53. Kf2 Kd6 54. Bg8 h6 55. Bh7 g5 56. Bd3 Na7 57. Ke3 h5 58. g3 Nc6 59. Ke4 Kc7 60. Kf5 Nd4+ 61. Kxf6 Nf3 1-0

[Event "IRI-ch sf"]
[Site "Tehran"]
[Date "2005.08.05"]
[Round "3"]
[White "Ahmadinia, Ebrahim"]
[Black "Mohajerin Esfahani, Peyman"]
[Result "1/2-1/2"]
[WhiteElo "2195"]
[BlackElo "2334"]
[PlyCount "119"]
[EventDate "2005.08.03"]
[EventType "swiss"]
[EventRounds "9"]
[EventCountry "IRI"]
[SourceTitle "EXT 2006"]
[Source "ChessBase"]
[SourceDate "2005.11.24"]
[SourceVersion "1"]
[SourceVersionDate "2005.11.24"]
[SourceQuality "1"]

1. e4 e6 2. d4 d5 3. Nc3 Nf6 4. e5 Nfd7 5. f4 c5 6. Nf3 Nc6 7. Be3 a6 8. Qd2 b5 9. Be2 b4 10. Nd1 a5 11. 0-0 cxd4 12. Nxd4 Nxd4 13. Bxd4 Bc5 14. c3 Qb6 15. Ne3 f6 16. Kh1 0-0 17. exf6 Nxf6 18. Bf3 Ba6 19. Rfe1 Ne4 20. Bxe4 dxe4 21. Ng4 Bxd4 22. cxd4 Bd3 23. Nf2 Rad8 24. Nxe4 Rxd4 25. Ng5 Bf5 26. Qe3 Qd6 27. Qb3 Rd5 28. Rad1 Rd8 29. Rxd5 Qxd5 30. Qe3 h6 31. Nf3 Qxa2 32. h3 Qd5 33. Kh2 a4 34. Qa7 Qd7 35. Qa5 Qd6 36. Kh1 a3 37. bxa3 bxa3 38. Ra1 Rb8 39. Qxa3 Rb1+ 40. Ng1 Qxf4 41. Rxb1 Bxb1 42. Qb3 Qf5 43. Nf3 Be4 44. Nd2 Bd5 45. Qe3 Kh7 46. Kg1 Qg6 47. Nf3 Qg3 48. Qe5 Qg6 49. Ne1 Qe4 50. Qg3 g5 51. Nd3 Kg6 52. Ne5+ Kf5 53. Nf7 Kg6 54. Ne5+ Kg7 55. Nd3 Kf6 56. Qf2+ Qf5 57. Qd4+ Kf7 58. Ne5+ Kg7 59. Qc3 Qb1+ 60. Kh2 1/2-1/2

[Event "IRI-ch sf"]
[Site "Tehran"]
[Date "2005.08.03"]
[Round "1"]
[White "Peirovoulia, Mahmood"]
[Black "Mohajerin Esfahani, Peyman"]
[Result "1-0"]
[WhiteElo "2184"]
[BlackElo "2334"]
[PlyCount "75"]
[EventDate "2005.08.03"]
[EventType "swiss"]
[EventRounds "9"]
[EventCountry "IRI"]
[SourceTitle "EXT 2006"]
[Source "ChessBase"]
[SourceDate "2005.11.24"]
[SourceVersion "1"]
[SourceVersionDate "2005.11.24"]
[SourceQuality "1"]

1. e4 c5 2. Nf3 e6 3. d4 cxd4 4. Nxd4 Nf6 5. Nc3 Bb4 6. e5 Nd5 7. Bd2 Nxc3 8. bxc3 Be7 9. Qg4 0-0 10. Bd3 f5 11. exf6 Bxf6 12. 0-0 Nc6 13. Rfe1 g6 14. Bh6 Bg7 15. Bxg7 Kxg7 16. Nxc6 bxc6 17. Qd4+ Qf6 18. Rab1 a5 19. f3 a4 20. a3 Ra5 21. Qxf6+ Kxf6 22. Re4 Ba6 23. Rf4+ Ke7 24. Rxf8 Kxf8 25. Rb8+ Ke7 26. Ra8 Bxd3 27. Rxa5 Bxc2 28. Kf2 Kd6 29. Ke3 c5 30. Ra7 Kc6 31. h4 h5 32. Kd2 Bb3 33. Ra8 e5 34. Ra6+ Kb5 35. Rxg6 Be6 36. Rxe6 dxe6 37. g4 e4 38. g5 1-0

[Event "WUCC op 8th"]
[Site "Istanbul"]
[Date "2004.09.06"]
[Round "3"]
[White "Battulga, Namkhai"]
[Black "Mohajerin Esfahani, Peyman"]
[Result "1/2-1/2"]
[WhiteElo "2180"]
[BlackElo "2251"]
[PlyCount "117"]
[EventDate "2004.09.05"]
[EventType "swiss"]
[EventRounds "9"]
[EventCountry "TUR"]
[SourceTitle "CBM 102 Extra"]
[Source "ChessBase"]
[SourceDate "2004.11.03"]
[SourceVersion "1"]
[SourceVersionDate "2004.11.03"]
[SourceQuality "1"]

1. e4 e6 2. d4 d5 3. Nc3 Nf6 4. Bg5 Be7 5. e5 Nfd7 6. Bxe7 Qxe7 7. f4 0-0 8. Nf3 c5 9. Qd2 Nc6 10. g3 a6 11. Bg2 b5 12. 0-0 b4 13. Ne2 a5 14. Rf2 Ba6 15. Re1 Rac8 16. h3 Bxe2 17. Rexe2 cxd4 18. f5 exf5 19. Nxd4 Nxd4 20. Qxd4 g6 21. e6 Nf6 22. Bxd5 Nxd5 23. Qxd5 fxe6 24. Rxe6 Qf7 25. Rfe2 Rfd8 26. Qe5 Qa7+ 27. Kg2 Qb7+ 28. Kh2 Qc7 29. Qe3 Qc5 30. Qb3 Qc4 31. Qe3 Qc5 32. Qb3 Kh8 33. R6e5 Rd2 34. Qe6 Rxe2+ 35. Rxe2 Kg7 36. h4 Rc7 37. Rd2 Qe7 38. Qd5 Qe3 39. Qd6 Rf7 40. Qd3 Qxd3 41. Rxd3 Rc7 42. c3 bxc3 43. bxc3 Rc4 44. Rd7+ Kf6 45. Rd3 Ke5 46. Kg2 Ra4 47. Rd2 Ra3 48. c4 Ke4 49. Rb2 Rc3 50. Rb7 Rc2+ 51. Kh3 Rxc4 52. Rxh7 Kf3 53. Rb7 a4 54. Rd7 Rg4 55. Rd3+ Kf2 56. Rc3 Ke2 57. Rc5 Kd3 58. h5 gxh5 59. Rxf5 1/2-1/2

[Event "WUCC op 8th"]
[Site "Istanbul"]
[Date "2004.09.06"]
[Round "2"]
[White "Mohajerin Esfahani, Peyman"]
[Black "Jianu, Vlad Cristian"]
[Result "0-1"]
[WhiteElo "2251"]
[BlackElo "2429"]
[PlyCount "142"]
[EventDate "2004.09.05"]
[EventType "swiss"]
[EventRounds "9"]
[EventCountry "TUR"]
[SourceTitle "CBM 102 Extra"]
[Source "ChessBase"]
[SourceDate "2004.11.03"]
[SourceVersion "1"]
[SourceVersionDate "2004.11.03"]
[SourceQuality "1"]

1. e4 c5 2. c3 Nf6 3. e5 Nd5 4. d4 cxd4 5. cxd4 d6 6. exd6 e6 7. Nf3 Bxd6 8. Nc3 Nxc3 9. bxc3 Qc7 10. Bd2 Nd7 11. Bd3 b6 12. 0-0 Bb7 13. Re1 0-0 14. h4 Bf4 15. Ne5 Bxe5 16. dxe5 Nc5 17. Bc2 Rad8 18. Qe2 Ba6 19. Qf3 Bb7 20. Qf4 Qc6 21. f3 Ba6 22. Be4 Nxe4 23. Rxe4 Rd3 24. Rd4 Rd8 25. Rc1 Rd5 26. Be3 Rxc3 27. Rxc3 Qxc3 28. Rxd5 exd5 29. Bd4 Qc7 30. Qe3 Qe7 31. h5 h6 32. g4 Kh7 33. Kg2 Qd7 34. Qa3 Bc4 35. Qd6 Qxd6 36. exd6 Bb5 37. Kg3 Bd7 38. f4 f5 39. g5 g6 40. Kh4 Be8 41. hxg6+ Kxg6 42. gxh6 Kxh6 43. Kg3 Kg6 44. Kf3 Kf7 45. Ke3 Ke6 46. Be5 Kd7 47. Kd4 Kc6 48. a3 Bf7 49. Kd3 Be8 50. Kd4 Bd7 51. Kd3 Kc5 52. Kc3 Bb5 53. Kb3 d4 54. Kc2 Kc4 55. Bf6 Kd5 56. Be7 Ke4 57. Bf6 Ke3 58. Kc1 Ba4 59. Be5 d3 60. Bc3 Kxf4 61. Kd2 Ke4 62. Bf6 f4 63. Bh4 Bb5 64. Be1 Kf3 65. d7 Bxd7 66. Kxd3 Kg2 67. Bh4 f3 68. Ke3 b5 69. Be1 a5 70. Bh4 b4 71. Kd3 b3 0-1

[Event "Tehran Saipa Cup 1st"]
[Site "Tehran"]
[Date "2003.09.15"]
[Round "3"]
[White "Mahjoob, Morteza"]
[Black "Mohajerin Esfahani, Peyman"]
[Result "1-0"]
[WhiteElo "2408"]
[BlackElo "2270"]
[PlyCount "97"]
[EventDate "2003.09.13"]
[EventType "tourn"]
[EventRounds "11"]
[EventCountry "IRI"]
[EventCategory "7"]
[SourceTitle "CBM 096 Extra"]
[Source "ChessBase"]
[SourceDate "2003.10.22"]
[SourceVersion "2"]
[SourceVersionDate "2003.10.20"]
[SourceQuality "1"]

1. e4 c5 2. Nc3 Nc6 3. f4 e6 4. Nf3 a6 5. d4 cxd4 6. Nxd4 Qc7 7. Be3 Nxd4 8. Qxd4 Ne7 9. 0-0-0 Nc6 10. Qb6 Qxb6 11. Bxb6 f6 12. Be2 Bb4 13. h4 Ne7 14. g4 d5 15. exd5 Bxc3 16. dxe6 Bxe6 17. bxc3 f5 18. Rhe1 Kf7 19. g5 Rac8 20. c4 Ng6 21. Bf3 Rhe8 22. c5 Re7 23. Rd4 Nxh4 24. Bh1 Rce8 25. Kd2 Ng6 26. c4 Nf8 27. Kc3 Bc8 28. Rxe7+ Rxe7 29. Rd8 Re8 30. Rxc8 Rxc8 31. Bxb7 Re8 32. c6 Ke7 33. c7 Kd7 34. Bxa6 Ra8 35. Bb7 Re8 36. c5 Ne6 37. c6+ Kd6 38. c8Q Rxc8 39. Bxc8 Nxf4 40. Be3 Nd5+ 41. Kd4 f4 42. Bf2 h6 43. gxh6 gxh6 44. Bb7 Nb4 45. Kc4 Nxc6 46. Kb5 Ne5 47. a4 Kc7 48. Be4 Nf7 49. Bb6+ 1-0

[Event "IRI-ch13"]
[Site "Tehran"]
[Date "2002.08.03"]
[Round "9"]
[White "Mohajerin Esfahani, Peyman"]
[Black "Akbarinia, Sayed Arash"]
[Result "1-0"]
[WhiteElo "2291"]
[BlackElo "2257"]
[PlyCount "65"]
[EventDate "2002.07.28"]
[EventType "swiss"]
[EventRounds "9"]
[EventCountry "IRI"]
[SourceTitle "CBM 089 Extra"]
[Source "ChessBase"]
[SourceDate "2002.09.10"]
[SourceVersion "2"]
[SourceVersionDate "2002.09.10"]
[SourceQuality "1"]

1. e4 c5 2. Nf3 d6 3. d4 cxd4 4. Nxd4 Nf6 5. Nc3 a6 6. Bc4 e6 7. 0-0 b5 8. Bb3 Bb7 9. f4 b4 10. Na4 Bxe4 11. c3 d5 12. Be3 Bd6 13. Rc1 0-0 14. Kh1 h5 15. cxb4 h4 16. h3 Bxb4 17. Bf2 Nfd7 18. Nc3 Bxc3 19. Rxc3 e5 20. Nf3 d4 21. Rc1 exf4 22. Bxh4 Qb6 23. Ng5 Bg6 24. Rxf4 Nc6 25. Rxf7 Bxf7 26. Qh5 Nf6 27. Bxf7+ Rxf7 28. Qxf7+ Kh8 29. Qe6 Qxb2 30. Qxc6 Re8 31. Rf1 d3 32. Rxf6 Qa1+ 33. Kh2 1-0

[Event "IRI-ch13"]
[Site "Tehran"]
[Date "2002.07.31"]
[Round "6"]
[White "Mohajerin Esfahani, Peyman"]
[Black "Ghorbani, Mohsen"]
[Result "0-1"]
[WhiteElo "2291"]
[BlackElo "2328"]
[PlyCount "120"]
[EventDate "2002.07.28"]
[EventType "swiss"]
[EventRounds "9"]
[EventCountry "IRI"]
[SourceTitle "CBM 089 Extra"]
[Source "ChessBase"]
[SourceDate "2002.09.10"]
[SourceVersion "2"]
[SourceVersionDate "2002.09.10"]
[SourceQuality "1"]

1. e4 c6 2. c4 e5 3. Nf3 d6 4. Nc3 Nf6 5. d4 Nbd7 6. Be2 Be7 7. 0-0 0-0 8. Qc2 Re8 9. b3 Bf8 10. d5 c5 11. Ne1 h6 12. Nd3 g5 13. a3 Bg7 14. b4 b6 15. Rb1 Nf8 16. bxc5 dxc5 17. Re1 Ng6 18. g3 Re7 19. Bf1 Ne8 20. Bg2 Nd6 21. Nb5 f5 22. Nxd6 Qxd6 23. a4 f4 24. a5 Rf7 25. Ba3 Bd7 26. Rb2 Bf6 27. Reb1 Bd8 28. Ra2 Rc8 29. axb6 axb6 30. Bb2 Rb8 31. Rba1 Kh7 32. Ra8 Rxa8 33. Rxa8 Bc7 34. Ba3 Qf6 35. Qb1 fxg3 36. hxg3 Rg7 37. Kf1 Rf7 38. Kg1 Bg4 39. Ra6 Bf3 40. Bxc5 Bxg2 41. Kxg2 Qf3+ 42. Kg1 bxc5 43. d6 Bd8 44. Ra8 Bf6 45. Qb8 Rg7 46. Nxc5 Qd1+ 47. Kh2 Qg4 48. d7 h5 49. d8Q Bxd8 50. Qxd8 h4 51. Qf6 hxg3+ 52. fxg3 Qe2+ 53. Kg1 Nh4 54. Qf2 Qd1+ 55. Kh2 Nf3+ 56. Kg2 Rf7 57. Qe3 Nd4 58. Kh2 Qh5+ 59. Kg1 Nf3+ 60. Kf1 Qh2 0-1

[Event "IRI-ch13"]
[Site "Tehran"]
[Date "2002.07.28"]
[Round "1"]
[White "Moosavian, S Hamed"]
[Black "Mohajerin Esfahani, Peyman"]
[Result "1-0"]
[WhiteElo "2205"]
[BlackElo "2291"]
[PlyCount "41"]
[EventDate "2002.07.28"]
[EventType "swiss"]
[EventRounds "9"]
[EventCountry "IRI"]
[SourceTitle "CBM 089 Extra"]
[Source "ChessBase"]
[SourceDate "2002.09.10"]
[SourceVersion "2"]
[SourceVersionDate "2002.09.10"]
[SourceQuality "1"]

1. e4 c5 2. Nf3 e6 3. d4 cxd4 4. Nxd4 a6 5. Nc3 b5 6. Bd3 Qc7 7. 0-0 Bb7 8. Re1 d6 9. Bg5 Nc6 10. Nd5 Qb8 11. Nxc6 Bxc6 12. c4 Bd7 13. Qh5 bxc4 14. Bxc4 exd5 15. Bxd5 g6 16. Qf3 Be6 17. Bf6 Nxf6 18. Qxf6 Rg8 19. Bxe6 Qc7 20. e5 Bg7 21. Qf3 1-0